000
00276nam a2200109Ia 4500
008
190216s9999||||xx |||||||||||||| ||und||
100
_a
Gupta R L
245
0
_a
Problems And Solutions In Advanced Accounting
260
_b
Sulthan Chand&Sons
_c
1999
300
_a
818p
942
_c
BK
999
_c
4337
_d
4337